000 00696cam a22002052a 4500
001 023225
003 AR-FADEU
008 311216n1986####xxu####################dd
020 _a950-614-533-4
092 _a338.109 034
_bP977c
_eBDT
100 _aPucciarelli, Alfredo Raúl
245 _aEl capitalismo agrario pampeano 1880-1930 : la formacioón de una nueva estructura de clases en la Argentina moderna
260 _aBuenos Aires
260 _bHyspamérica
260 _c1986
300 _a301 p. : cuad
440 _aBiblioteca argentina de historia y política
_n66
650 _aECONOMIA-ARGENTINA; CAPITALISMO-CLASES SOCIALES; CLASES SOCIALES-SECTOR AGRARIO/BDT/
942 _cBDT
999 _c28915
_d28915